00611nam a22001817a 4500999001900000003000500019038001100024082002000035100002400055245005900079260004500138300001300183500001500196880003200211880007100243942001200314952010300326 c525279d525279NUST awaseem a891.491092bABI aAbid, Bashir916018 aDoctor Shahbaz Malik (Fan te Shaksiyat) /cBashir Abid aGujranwala :bPunjab Adabi Markz,c1995. a176 p. ; aHardcover. 6100-01\raبشیر عابد 6245-02\ra(ڈاکٹر شہباز ملک (فنٓ تے شخصیت / 2ddccBK 00102ddc4070aCLbCLcPLITd2019-06-30l0o891.491092 ABIpCL-E-829r2019-06-30w2019-06-30yBK